Introduction to Quantum Mechanics

Guardat en:
Dades bibliogràfiques
Autor principal: Sherwin, Chalmers W (Autor)
Format: Llibre
Idioma:anglès
Publicat: Nueva York Henry Holt and Company 1959
Matèries:
Etiquetes: Afegir etiqueta
Sense etiquetes, Sigues el primer a etiquetar aquest registre!

MARC

LEADER 00000nam a2200000 a 4500
001 UCH2260
003 CL-VaPUC
008 090604e19590000US |||||||||||||||||eng|d
082 0 4 |a 530.12  |b SHE  |2 21 
100 0 |a Sherwin, Chalmers W  |e author  |9 536967 
245 1 0 |a Introduction to Quantum Mechanics 
300 |a 385 p 
942 |c BK 
945 |d 20090604 00:00:00  |a dcastane 
260 |a Nueva York  |b Henry Holt and Company  |c 1959 
650 0 |a Mecánica cuántica  |9 306806 
650 0 |a Física teórica  |9 345827 
650 7 |a NUMEROS CUANTICOS  |2 CL-VaPUC  |9 360934 
650 7 |a FISICA ATOMICA  |2 CL-VaPUC  |9 346166 
650 7 |a FISICA NUCLEAR  |2 CL-VaPUC  |9 270366 
583 |a last modification  |c 20090604 00:00:00  |k Rodrigo Vera 
999 |c 334045  |d 334043 
952 |0 0  |1 0  |4 0  |6 530_120000000000000_SHE_1959  |7 0  |8 A  |9 422835  |a BIBCUR  |b BIBCUR  |d 2019-11-22  |i 454420K  |o 530.12 SHE 1959  |p 454420K  |r 2025-04-22  |w 2019-11-22  |y BK  |k FIS